Xuân Quỳnh thơ và đời /

Sách giới thiệu những tác phẩm của Xuân Quỳnh cùng những bài viết về cuộc đời và sự nghiệp của nhà thơ.

Uloženo v:
Podrobná bibliografie
Další autoři: Vân Lương (sưu tầm và biên soạn.)
Médium: Kniha
Jazyk:Vietnamese
Vydáno: Hà Nội : Văn hoá, 1998.
Témata:
Tagy: Přidat tag
Žádné tagy, Buďte první, kdo otaguje tento záznam!
Thư viện lưu trữ: Mạng thư viện Đại học Đà Nẵng
LEADER 01162cam a2200373 i 4500
001 000046541
003 6039
005 20040507073636.0
008 010307b1998 vm 000 vie
040 |a IRC  |c IRC  |d IRC 
041 0 |a vie 
082 1 4 |a 895.92134  |b Xu-Q 
245 0 0 |a Xuân Quỳnh thơ và đời /  |c Vân Lương, sưu tầm và biên soạn. 
260 |a Hà Nội :  |b Văn hoá,  |c 1998. 
300 |a 245tr. ;  |c 19cm. 
520 3 |a Sách giới thiệu những tác phẩm của Xuân Quỳnh cùng những bài viết về cuộc đời và sự nghiệp của nhà thơ. 
600 1 5 |a Xuân Quỳnh,  |d 1942-1988. 
630 0 4 |a Thi ca Việt. 
630 0 4 |a Phê bình văn học. 
630 0 4 |a Văn học Việt. 
630 0 4 |a Xuân Quỳnh. 
650 0 4 |a Văn học Việt  |x Phê bình. 
650 0 4 |a Thi sĩ  |z Việt Nam  |y Thế kỷ 20. 
700 1 |a Vân Lương,  |e sưu tầm và biên soạn. 
OWN |a DUT 
999 |a From the UDN01 
TYP |a Monograph 
TYP |a Printed language 
980 |a Mạng thư viện Đại học Đà Nẵng